[Event "Mogi Guacu op"]
[Site "Mogi Guacu"]
[Date "2022.05.01"]
[Round "5"]
[White "Silva de Oliveira, Luiz Fernando"]
[Black "Marques, Hugo"]
[Result "0-1"]
[WhiteElo "1793"]
[BlackElo "1761"]
[PlyCount "84"]
[EventDate "2022.04.29"]
[EventType "swiss"]
[EventRounds "6"]
[EventCountry "BRA"]
[SourceTitle "CBM 208 Extra"]
[Source "ChessBase"]
[SourceDate "2022.07.31"]
[SourceVersion "1"]
[SourceVersionDate "2022.07.31"]
[SourceQuality "1"]

1. d4 Nf6 2. c4 d6 3. e3 g6 4. Nf3 d5 5. c5 b6 6. cxb6 axb6 7. Bb5+ c6 8. Bd3 Bg7 9. Ng5 Bh6 10. Nh3 0-0 11. 0-0 Bg4 12. Qb3 Bxh3 13. gxh3 Nbd7 14. Nc3 e5 15. dxe5 Nxe5 16. Be2 Ne4 17. Nxe4 dxe4 18. Rd1 Qg5+ 19. Kh1 b5 20. Bd2 Nf3 21. Bxf3 exf3 22. Rg1 Qh4 23. Rg3 Rfd8 24. Bc3 Rd5 25. Rd1 Qa4 26. Qxa4 Rxa4 27. Rxd5 cxd5 28. Rxf3 Rxa2 29. b4 Rc2 30. Bd4 Rc4 31. Be5 Rxb4 32. Rf6 Bg7 33. Bc3 Rc4 34. Rf4 Rxc3 35. Rb4 Rc5 36. e4 d4 37. f4 d3 38. Rb2 Bxb2 39. Kg2 d2 40. f5 Rc3 41. Kf2 d1Q 42. fxg6 Qd2+ 0-1

[Event "Mogi Guacu op"]
[Site "Mogi Guacu"]
[Date "2022.04.30"]
[Round "2"]
[White "De Oliveira Silva, Emilly Vitoria"]
[Black "Marques, Hugo"]
[Result "0-1"]
[WhiteElo "1827"]
[BlackElo "1761"]
[PlyCount "76"]
[EventDate "2022.04.29"]
[EventType "swiss"]
[EventRounds "6"]
[EventCountry "BRA"]
[SourceTitle "CBM 208 Extra"]
[Source "ChessBase"]
[SourceDate "2022.07.31"]
[SourceVersion "1"]
[SourceVersionDate "2022.07.31"]
[SourceQuality "1"]

1. e4 c5 2. Nc3 d6 3. Bc4 Nc6 4. Nf3 Nf6 5. Ng5 e6 6. d3 Be7 7. h4 a6 8. a4 h6 9. Nf3 0-0 10. d4 Na5 11. Bd3 c4 12. b4 cxd3 13. bxa5 Qxa5 14. Qxd3 d5 15. e5 Ne4 16. Bd2 Nxd2 17. Nxd2 b5 18. Ne2 bxa4 19. Ng3 a3 20. Nh5 a2 21. 0-0 Bxh4 22. Nf3 Be7 23. Nh2 Bd7 24. Qg3 g6 25. Nf6+ Bxf6 26. exf6 Qa4 27. Qh3 h5 28. Ng4 Kh7 29. Ne3 e5 30. g4 Rfc8 31. dxe5 Rc3 32. Qh4 d4 33. Nd5 Rxc2 34. Nb6 Qc6 35. Nxa8 Qxa8 36. gxh5 Kh6 37. hxg6+ Kxg6 38. f4 Qg2# 0-1

[Event "Mogi Guacu op"]
[Site "Mogi Guacu"]
[Date "2022.04.30"]
[Round "4"]
[White "Marques, Hugo"]
[Black "Ferreira Gangini, Wagner Maria"]
[Result "0-1"]
[WhiteElo "1761"]
[BlackElo "1180"]
[PlyCount "84"]
[EventDate "2022.04.29"]
[EventType "swiss"]
[EventRounds "6"]
[EventCountry "BRA"]
[SourceTitle "CBM 208 Extra"]
[Source "ChessBase"]
[SourceDate "2022.07.31"]
[SourceVersion "1"]
[SourceVersionDate "2022.07.31"]
[SourceQuality "1"]

1. e4 c5 2. Bc4 d6 3. Nf3 Nf6 4. Nc3 Nc6 5. 0-0 Bg4 6. h3 Bxf3 7. Qxf3 Ne5 8. Qe2 Nxc4 9. Qxc4 a6 10. Qa4+ b5 11. Qb3 g6 12. a4 b4 13. Nd5 Nxd5 14. Qxd5 Qc8 15. e5 e6 16. Qe4 d5 17. Qf4 Bg7 18. d4 c4 19. b3 c3 20. a5 0-0 21. Ra4 Rb8 22. g4 f6 23. Re1 fxe5 24. dxe5 Rxf4 25. Bxf4 Qc5 26. Be3 d4 27. Bg5 Rb5 28. Raa1 Rxa5 29. Rad1 Ra2 30. Bf6 Bh6 31. g5 Bg7 32. Ra1 Rxa1 33. Rxa1 a5 34. Re1 h6 35. Kg2 hxg5 36. Kg3 Bxf6 37. exf6 Qf5 38. f7+ Kxf7 39. f3 Qxc2 40. Re5 Qf5 41. Rxf5+ gxf5 42. Kf2 c2 0-1